Multi-level governance and the application of the partnership principle in times of economic crisis in Greece

Αποθηκεύτηκε σε:
Λεπτομέρειες βιβλιογραφικής εγγραφής
Κύριος συγγραφέας: Χάρδας, Αναστάσιος
Συγγραφή απο Οργανισμό/Αρχή: European Institute (London School of Economics and Political Science) Hellenic Observatory
Μορφή: Βιβλίο
Γλώσσα:English
Δημοσίευση: [London] : Hellenic Observatory, 2012
Σειρά:GreeSE Paper ; ; 56
Θέματα:
Ετικέτες: Προσθήκη ετικέτας
Δεν υπάρχουν, Καταχωρήστε ετικέτα πρώτοι!

MARC

LEADER 00000cam a2200000 i 4500
001 1/37582
008 131024s2012 eng d
035 |l 10115859 
040 |a GR-MY-UA  |b gre  |e aacr 
041 0 |a eng 
082 0 |a 320.3  |2 (22) 
100 1 |a Χάρδας, Αναστάσιος. 
245 1 0 |a Multi-level governance and the application of the partnership principle in times of economic crisis in Greece /  |c Anastassios Chardas ; The Hellenic Observatory. The European Institute. The London School of Economics and Political Science 
260 |a [London] :   |b Hellenic Observatory,   |c 2012 
300 |a 33 σ.;  |c 21 εκ. 
490 1 |a GreeSE Paper  |v ; 56 
504 |a Βιβλιογραφία: σ. 31-33 
650 0 0 |a International relations. 
650 0 0 |a Comparative government. 
650 0 0 |a Regional economics. 
650 0 0 |a Economic policy. 
651 0 |a Greece  |x Politics and government. 
710 2 |a European Institute (London School of Economics and Political Science)  |b Hellenic Observatory. 
830 0 |a GreeSE Paper ;  |v ; 56 
852 |a INST  |b RHODES  |e 20131024  |h 320.3 ΧΑΡ  |p 005400035724  |q 005400035724  |t BK  |y 0 
901 |a BIBL4-2013-3 
909 |a Ρ  |b 182235 
970 |z 2013/10/23